Statistics for Simpsons characters word scramble

Click here to take the quiz!

General Stats

  • This quiz has been taken 174 times
    (166 since last reset)
  • The average score is 20 of 25

Answer Stats

HintAnswer% Correct
OMHERHomer
100%
PUAApu
99%
RABTBart
99%
OMEMoe
98%
SALILisa
97%
ENDNed
97%
AGIMEGMaggie
96%
GAEMRMarge
95%
OBIMJJimbo
93%
TTAYPPatty
92%
RM SNRUBMr. Burns
91%
LCRACarl
90%
AMSELSelma
86%
LNEYNLenny
84%
NLOSNENelson
82%
JHNO FKNIRJohn Frink
79%
PRAHLRalph
79%
NDAEEdna
78%
RENNSKISkinner
78%
YTKURSKrusty
72%
ARBEYNBarney
62%
MSTEIRSHSmithers
61%
UOMLEHISMilhouse
50%
JLYVEOELovejoy
45%
RIBHTEBHibbert
36%

Score Distribution

Percentile by Number Answered

Percent of People with Each Score

Your Score History

You have not taken this quiz since the last reset